00550nam a2200205Ia 4500001000600000003000500006008004100011010001100052040000900063082001400072100000500086245008100091260004200172300001100214440000500225500000500230503001100235650003900246650005900285Z_875CHAP220113s1988 xx 000 0 und d a163538 cCHAP a423.6 D53 a aDiccionario español-inglés, inglés-español /cpor Edwin B. Williams aMéxico, D.F. :bMcGraw-Hill,c1988 a623 p. a a a148689 aEspañolxDiccionariosxInglés  aInglésxDiccionariosxEspañol I. Williams, Edwin B